00365nam a2200157Ia 4500008004100000020001500041050000800056050001000064100001900074245002800093260001700121260002100138300001600159300001100175650002100186170203s9999 xx 000 0 und d a8189261177 a413 bM623d aMichelson, R . aDictionary of grammar / aNew Delhi :  bK. S. Paperbacks a629 pages : c21 cm. aEnglish grammar.